| 000 | 00615nam a2200205 a 4500 | ||
|---|---|---|---|
| 001 | 000032120 | ||
| 005 | 20200930063440.0 | ||
| 008 | 110712s19uu dr 000 0 spa d | ||
| 040 |
_aDO-SdBNP _bspa _cBNPHU |
||
| 082 |
_a133.89 _bP438v |
||
| 100 | 1 |
_aPérez, Domingo, _d1952- _958237 |
|
| 245 | 1 | 0 |
_aViaje del alma / _cDomingo Pérez. |
| 260 |
_a[Santo Domingo : _bs.n., _c19--?]. |
||
| 300 |
_a78 p. ; _c21 cm. |
||
| 590 | _aInventariado, 2018/LP | ||
| 650 | 4 |
_aPercepción extrasensorial _91462 |
|
| 650 | 4 |
_aSugestión mental _958238 |
|
| 650 | 4 |
_aHipnotismo _939184 |
|
| 910 | _aValidado. Control de calidad EMS | ||
| 999 |
_c31611 _d31611 |
||